000 02410nam2a2200253 4500
001 RU\NLR\PER_A\012257781_000330
005 20250624020602.0
035 _a(NLR Aleph) 012343092
090 _a11525837
_c11525837
100 _a20200922d2012 |||y0rusy50 ca
101 0 _arus
102 _aRU
200 1 _aМатериалы 15-ой Международной научно-практической конференции "Система технологий и машин для животноводства на период до 2020 г."
210 _d2012
_aБ. м.
461 0 _1001RU\NLR\BIBL_A\012257781
_12001#$aВестник ВНИИМЖ$iСерия: Механизация, автоматизация и машинные технологии в животноводстве$eежеквартальный научный журнал$v2012, № 1 (5)
_911114840
_aВсероссийский научно-исследовательский и проектно-технологический институт механизации животноводства
_cпос. Знамя Октября, Московская область
_d2012 - 2019
_iСерия: Механизация, автоматизация и машинные технологии в животноводстве
_nГосударственное научное учреждение Всероссийский научно-исследовательский институт механизации животноводства Российской академии сельскохозяйственных наук
_oежеквартальный научный журнал
_tВестник ВНИИМЖ
_x2226-4302
_v2012, № 1 (5)
606 1 _aЖивотноводство
_jСъезды, совещания и т.п
_xМеханизация
_91021183
_3RU\NLR\AUTH\6672533
606 1 _aЖивотноводческие фермы
_jСъезды, совещания и т.п
_xОборудование
_9915595
_3RU\NLR\AUTH\6615585
686 1 _aП071.5я431(0)
710 1 2 _a"Система технологий и машин для животноводства на период до 2020 г.", международная научно-практическая конференция
_d15
_eМосква
_f2012
_9714158
_3RU\NLR\AUTH\880526267
852 _aNLR
_jП13/1376
942 _cISSUE
980 _aNB
980 _aRUSPER